00981nam a2200205Ia 4500008004100000020001500041041001200056082001600068100001700084245008100101260002500182300000800207650001600215700001900231942000700250999001500257952017100272952017100443952016100614221030s9999 xx 000 0 und d a0074632930 aEnglish a105.23bNew aW. M. Newman 0aPrinciples of Interactive Computer Graphicscby W. M. Newman, R. F. Sproull. bTMHaNew Delhic1999 a541 aBE Computer aR. F. Sproull. cBK c1132d1132 pBE 3699g215.00l0o105.23 Newr2024-06-13 00:00:00w2022-10-30yBK003Print4070aMIETLIBbMIETLIBcBL-Academic Block C, FL-2, CUP-37, SH-2, R-2d2001-04-0910HBE pBE 1503g215.00l0o105.23 Newr2024-06-13 00:00:00w2022-10-30yBK003Print4070aMIETLIBbMIETLIBcBL-Academic Block C, FL-2, CUP-37, SH-2, R-2d2000-05-0610HBE pBE 1504g215.00l0o105.23 Newr2024-06-13 00:00:00w2022-10-30yBK003Print4071aMIETLIBbMIETLIBcBL-Second, FL-1, CUP-54, SH-5, R-5d2000-05-0610HBE